000 00948nam a22002537a 4500
003 BD-DhSAU
005 20210930102855.0
008 210929b |||||||| |||| 00| 0 eng d
040 _aBD-DhSAU
082 _222
_a630.2
_bAl411
100 _a ALI, MD. MORTUZA
_eRegistration No.:#12-04921
245 _aEffects of saltstress ongermination, growth,yieldand ions content oftwo mustard varieties /
_bMs Thesis
260 _aSher-e-bangla Agricultural University Dhaka 1207;
_bDepartment of Agricultural Chemistry;
_c2020.;
300 _aviii.;
_b49p.;
_c30cm.;
500 _aIncluding Index.;
590 _anazmul
600 _qsaltstress ongermination,
610 _aions content
650 _aoftwo mustard varieties
700 _aDr. Sheikh Shawkat Zamil
_eSupervisor
710 _aDr.Md.Abdur Razzaque
_eCo-Supervisor
856 _uhttp://archive.saulibrary.edu.bd:8080/xmlui/handle/123456789/3560
_yOnline Access
942 _2ddc
_cTHESIS
999 _c15337
_d15336